| 000 | 00754nam a22001817a 4500 | ||
|---|---|---|---|
| 999 |
_c14911 _d14911 |
||
| 003 | OSt | ||
| 082 | _2631.3 ATH/RE | ||
| 088 | _aP 380 | ||
| 100 |
_aATHIRA THANKACHAN _aINDU THULASEEDHARAN _aSHIBINA K.V _93976 |
||
| 245 | _aRefinement of a Combination Implement for Dry Seeding and Herbicide Application in Rice | ||
| 260 |
_aTavanur 2017 _bDEPARTMENT OF FARM POWER, MACHINERY AND ENERGY |
||
| 300 | _a63 | ||
| 500 | _aRefinement of a Combination Implement for Dry Seeding and Herbicide Application in Rice | ||
| 520 | _aRefinement of a Combination Implement for Dry Seeding and Herbicide Application in Rice | ||
| 700 |
_aDr. Shaji James P (Guide) _93535 |
||
| 856 | _uhttps://drive.google.com/open?id=1e7NxDwOzQ3v7sFODtYeO6TpH-Fqw6dvb | ||
| 942 | _cPR | ||